| 000 | 00684nam a2200205 a 4500 | ||
|---|---|---|---|
| 001 | 000030829 | ||
| 003 | OSt | ||
| 005 | 20240312193935.0 | ||
| 008 | 110531s1956 dr 000 0 spa d | ||
| 040 |
_aDO-SdBNP _bspa _cBNPHU |
||
| 082 | 4 |
_a921.6 _bA948R _222 |
|
| 100 | 1 |
_aRoss, Waldo _99009 _d1926- |
|
| 245 | 1 | 3 |
_aEl mundo metafísico de Andrés Avelino / _cWaldo Ross. |
| 260 |
_aCiudad Trujillo, República Dominicana : _bSociedad Dominicana de Filosofía, _c1956. |
||
| 300 |
_a23 p. ; _c23 cm. |
||
| 590 | _aInventariado, 2018/ YL | ||
| 600 | 1 | 4 |
_aAvelino, Andrés, _d1900-1974 _xCrítica e interpretación _931875 |
| 910 | _aValidado. Control de calidad MFF | ||
| 942 |
_2ddc _cLBS1 |
||
| 999 |
_c30321 _d30321 |
||